Návrh a konštrukcia vodíkového generátora plochého typu a možnosti jeho využitia

Uložené v:
Podrobná bibliografia
Hlavný autor: Grígel, Silvester, 1991- (Autor)
Ďalší autori: Fiala, Jozef, 1983- (Vedúci práce)
Médium: Rukopis Kniha
Jazyk:Slovak
Vydavateľské údaje: 2015
Predmet:
On-line prístup:http://is.stuba.sk/zp/portal_zp.pl?podrobnosti=110351
Tagy: Pridať tag
Žiadne tagy, Buďte prvý, kto otaguje tento záznam!

MARC

LEADER 00000ntm a22000003a 4500
001 stuzp52326
003 SK-STU
005 20160719154133.3
007 ta
008 150427s2015----xo-----f-mn---000-0-slo-d
040 |a STU  |b slo 
041 0 |a slo 
100 1 |a Grígel, Silvester,  |d 1991-  |u 065000  |4 aut  |U MTF Materiálovotechnologická fakulta  |T MTF Ústav bezpečnosti, environmentu a kvality  |X 44673  |U M5000  |Y 85  |7 A000044673 
242 0 1 |a Design and construction hydrogen generator flat type and way of its use  |y eng 
245 1 0 |a Návrh a konštrukcia vodíkového generátora plochého typu a možnosti jeho využitia 
260 |c 2015 
650 4 |a vodík  |2 slo 
650 4 |a generátor  |2 slo 
650 4 |a elektrolyt  |2 slo 
650 4 |a elektrolýza  |2 slo 
650 4 |a HHO plyn  |2 slo 
650 4 |a generator  |2 eng 
650 4 |a electrolyte  |2 eng 
650 4 |a electrolysis  |2 eng 
650 4 |a hydrogen  |2 eng 
650 4 |a HHO gas  |2 eng 
700 1 |a Fiala, Jozef,  |d 1983-  |4 ths  |X 33259  |7 A000033259 
856 4 |u http://is.stuba.sk/zp/portal_zp.pl?podrobnosti=110351 
996 |c M* DP-12475  |l MMSKP  |s P  |a 0  |w stuzp52326_0001 
SQL |a stuzp52326  |b DDP  |c SLO  |d Návrh a konštrukcia vodíkového generátora plochého typu a možnosti jeho využitia  |e 44673  |f Grígel, Silvester  |g 065000  |h 33259  |i Fiala, Jozef  |j 20150603  |k 670  |l 06  |m http://is.stuba.sk/zp/portal_zp.pl?podrobnosti=110351  |n I-IBE  |o 8.3.5. bezpečnosť a ochrana zdravia pri práci